| 000 | 00583nam a2200181 i 4500 | ||
|---|---|---|---|
| 001 | 85023 | ||
| 003 | ES-MaACL | ||
| 005 | 20230906175151.0 | ||
| 007 | t| | ||
| 008 | 041124s1970 sp ||||1| spa d | ||
| 100 | 1 |
_aJones, Howard W. _966850 |
|
| 245 | 1 | 0 |
_aGinecología pediátrica y de la adolescencia / _cHoward W. Jones, Richard H. Heller ; traducción J. Vicente. |
| 260 |
_a[Madrid] : _bPaz Montalvo, _c[1970] |
||
| 300 |
_a387 p., 3 lám. : _bil. ; _c25 cm. |
||
| 700 | 1 |
_aHeller, Richard H. _962445 |
|
| 700 | 1 |
_aVicente, J. _9114338 |
|
| 852 |
_aES-MaACL _jC-37716 _bR.73034 |
||
| 999 |
_c85023 _d85023 |
||